000 00388nam a2200133 a 4500
001 000013704
005 20200929163322.0
008 091127s19uu dr ac 000 0 spa d
040 _aDO-SdBNP
_bspa
_cBNPHU
082 _axxxx
_bxxx
245 0 0 _aLa Republique Dominicaine.
260 _a[Ciudad Trujillo, República Dominicana] :
_b[s.d.],
_c{19uu].
300 _a35 p. :
_bil., retr. ;
_c32 cm.
999 _c13317
_d13317